Italy 2006 FIFA World Cup Winning Squad - Sudden Death - Statistics

General Stats
  • This quiz has been taken 978 times
  • The average score is 10 of 23
Answers on the Grid
Answers color-coded by a green-red scale on the quiz's grid according to % correct below.
Alberto Gilardino
Aldo Bobadilla
Alessandro Costacurta
Alessandro Del Piero
Alessandro Nesta
Andrea Barzagli
Andrea Pirlo
Angelo Peruzzi
Antonio Di Natale
Christian Abbiati
Christian Maggio
Christian Panucci
Christian Vieri
Claude Makélélé
Claudio Reyna
Cristian Zaccardo
Cristiano Ronaldo
Daniele De Rossi
David Trezeguet
Deco
Diego Barreto
Fabio Cannavaro
Fabio Grosso
Fabricio Coloccini
Filippo Inzaghi
Francesco Toldo
Francesco Totti
Gennaro Gattuso
Giampaolo Pazzini
Gianluca Zambrotta
Gianluigi Buffon
Giorgio Chiellini
Leonardo Bonucci
Lionel Messi
Luca Toni
Lúcio
Luís Figo
Maniche
Marco Amelia
Marco Materazzi
Massimo Oddo
Mauro Camoranesi
Morgan De Sanctis
Pablo Aimar
Paolo Maldini
Riccardo Montolivo
Roberto Ayala
Roberto Baggio
Roque Santa Cruz
Simone Barone
Simone Perrotta
Steve Cherundolo
Vincenzo Iaquinta
Zinedine Zidane
 
Answer Stats
Answer % Correct
Andrea Pirlo
81%
Alessandro Del Piero
79%
Alessandro Nesta
70%
Alberto Gilardino
54%
Fabio Cannavaro
52%
Gianluigi Buffon
52%
Francesco Totti
48%
Gennaro Gattuso
48%
Marco Materazzi
45%
Fabio Grosso
43%
Gianluca Zambrotta
41%
Daniele De Rossi
40%
Filippo Inzaghi
40%
Luca Toni
37%
Andrea Barzagli
35%
Mauro Camoranesi
32%
Simone Perrotta
27%
Vincenzo Iaquinta
27%
Cristian Zaccardo
24%
Massimo Oddo
22%
Angelo Peruzzi
19%
Simone Barone
17%
Marco Amelia
16%
No matching quizzes found
Score Distribution
Percent of People with Each Score
Percentile by Number Answered
Your Score History
You have not taken this quiz